ბათუმის შოთა რუსთაველის სახელმწიფო უნივერსიტეტის ბიბლიოთეკა

Alter Ego. B2 : (ბიბ.ჩანაწერი № 49858)

000 -LEADER
fixed length control field 00668nam a2200217Ia 4500
001 - CONTROL NUMBER
control field 16793
003 - CONTROL NUMBER IDENTIFIER
control field GE_BSU
005 - DATE AND TIME OF LATEST TRANSACTION
control field 20200131103521.0
008 - FIXED-LENGTH DATA ELEMENTS--GENERAL INFORMATION
fixed length control field 181216s2007||||fr |||||||||||||| ||fre||
020 ## - INTERNATIONAL STANDARD BOOK NUMBER
International Standard Book Number 9782011555168
080 ## - UNIVERSAL DECIMAL CLASSIFICATION NUMBER
Universal Decimal Classification number 811.133.1 D-70
100 ## - MAIN ENTRY--PERSONAL NAME
Personal name Dollez,Catherine.
9 (RLIN) 6563
245 ## - TITLE STATEMENT
Title Alter Ego. B2 :
Remainder of title Methode de Frangais 4 : /
Statement of responsibility, etc. Catherine Dollez ; Sylvie Pons.
264 ## - PRODUCTION, PUBLICATION, DISTRIBUTION, MANUFACTURE, AND COPYRIGHT NOTICE
Place of production, publication, distribution, manufacture Paris :
Name of producer, publisher, distributor, manufacturer Hachette,
Date of production, publication, distribution, manufacture, or copyright notice 2007.
300 ## - PHYSICAL DESCRIPTION
Extent 192 p.;
Other physical details ill.
Dimensions 28 cm.
Accompanying material +CD eleve
653 ## - INDEX TERM--UNCONTROLLED
keyword Alter Ego. Methode de Frangais 4
653 ## - INDEX TERM--UNCONTROLLED
keyword გრამატიკა
653 ## - INDEX TERM--UNCONTROLLED
keyword ფრანგული ენა
700 ## - ADDED ENTRY--PERSONAL NAME
Personal name Pons, Sylvie
9 (RLIN) 6564
942 ## - ADDED ENTRY ELEMENTS (KOHA)
Koha item type წიგნი
Source of classification or shelving scheme
ეგზემპლარები
Withdrawn status Lost status Source of classification or shelving scheme Damaged status Not for loan Permanent Location Current Location Shelving location Date acquired Cost, normal purchase price Full call number Barcode Date last seen Copy number Price effective from Koha item type Public note
          ბათუმის შოთა რუსთაველის სახელმწიფო უნივერსიტეტის მთავარი ბიბლიოთეკა ბათუმის შოთა რუსთაველის სახელმწიფო უნივერსიტეტის მთავარი ბიბლიოთეკა წიგნსაცავი 2018-12-17 82.00 811.133.1 D-70 45108 2018-12-17 45108 2018-12-17 წიგნი 82 gel.